000
00260nam a22001217a 4500
082
_a
474
_b
BHA/C
100
_a
BHADR,BHASKARBHAEE
245
_a
CHATHUR BHEERBHAL
260
_a
MUMBAI
_b
NAVNEET
300
_a
31
650
_a
STORY HINDI
_z
MAHARASHTRA
942
_c
BK
999
_c
4861
_d
4861